[Event "Rewal 2011 - Open B"]
[Site "Rewal"]
[Date "2011.08.19"]
[Round "1.1"]
[White "Bokiej, Przemyslaw"]
[Black "Hagner, Pawel"]
[Result "1-0"]
[WhiteElo "2097"]
[BlackElo "1781"]
[EventDate "2011.??.??"]
[PlyCount "53"]

1.e4 g6 2.d4 Bg7 3.Nc3 c6 4.Be3 d5 5.Qd2 dxe4 6.Nxe4 Nd7 7.O-O-O Ngf6 8.
Ng3 h5 9.Bd3 Ng4 10.Kb1 Nxe3 11.Qxe3 Qb6 12.Nf3 Nf6 13.Bc4 e6 14.Ne5 O-O 
15.Ne4 Nxe4 16.Qxe4 Qc7 17.c3 c5 18.Bd3 Rb8 19.Nxg6 fxg6 20.Qxg6 Rxf2 21.
Qh7+ Kf8 22.Rhf1 Rf5 23.Qxh5 cxd4 24.g4 Rf6 25.Rxf6+ Bxf6 26.Rf1 Qg7 27.
Qe5 1-0

[Event "Rewal 2011 - Open B"]
[Site "Rewal"]
[Date "2011.08.19"]
[Round "1.2"]
[White "Szczecina, Kamil"]
[Black "Zielinski, Wojciech"]
[Result "0-1"]
[WhiteElo "1779"]
[BlackElo "2097"]
[EventDate "2011.??.??"]
[PlyCount "70"]

1.e4 e6 2.d4 d5 3.exd5 Qxd5 4.c4 Qd8 5.Nc3 Nf6 6.Bf4 Bd6 7.Bxd6 cxd6 8.d5 
e5 9.Bd3 O-O 10.Qc2 Nbd7 11.Nge2 Nc5 12.O-O a5 13.Ng3 g6 14.b3 Ng4 15.h3 
Nh6 16.Qd2 Kg7 17.f4 f5 18.fxe5 dxe5 19.Rae1 Qh4 20.Nge2 f4 21.Ne4 f3 22.
gxf3 Nxd3 23.Qxd3 Bxh3 24.Rf2 Bf5 25.N2g3 Qxg3+ 26.Nxg3 Bxd3 27.Rxe5 Rae8 
28.Rxe8 Rxe8 29.Rd2 Bf5 30.d6 Kf6 31.Rd5 Rd8 32.Ne4+ Bxe4 33.fxe4 Nf7 34.
c5 Ng5 35.Rd4 Nf3+ 0-1

[Event "Rewal 2011 - Open B"]
[Site "Rewal"]
[Date "2011.08.19"]
[Round "1.3"]
[White "Lewtak, Damian"]
[Black "Orzechowski, Krzysztof"]
[Result "1-0"]
[WhiteElo "2093"]
[BlackElo "1778"]
[EventDate "2011.??.??"]
[PlyCount "71"]

1.e4 c5 2.Nf3 d6 3.d4 cxd4 4.Qxd4 Nc6 5.Bb5 a6 6.Bxc6+ bxc6 7.c4 e5 8.Qd3 
Qb6 9.Nc3 Nf6 10.Be3 Qb4 11.a3 Qb3 12.O-O Be6 13.Nd2 Qb7 14.b4 Ng4 15.Rfc1
Nxe3 16.Qxe3 Rd8 17.Nb3 Be7 18.Na5 Qc7 19.Nd5 cxd5 20.cxd5 Qd7 21.dxe6 
Qxe6 22.Nc6 Rc8 23.Nxe7 Kxe7 24.Qa7+ Kf6 25.Qxa6 Ra8 26.Qd3 Rhc8 27.b5 
Rxc1+ 28.Rxc1 Qd7 29.b6 Rd8 30.Qf3+ Kg6 31.Rc7 Qe6 32.b7 Rb8 33.h4 h6 34.
a4 f5 35.exf5+ Qxf5 36.Rxg7+ 1-0

[Event "Rewal 2011 - Open B"]
[Site "Rewal"]
[Date "2011.08.19"]
[Round "1.4"]
[White "Borowicz, Miroslaw"]
[Black "Zurkowski, Andrzej"]
[Result "0-1"]
[WhiteElo "1776"]
[BlackElo "2092"]
[EventDate "2011.??.??"]
[PlyCount "88"]

1.d4 c5 2.e3 Nf6 3.Nf3 d5 4.c4 e6 5.Nc3 Be7 6.cxd5 exd5 7.dxc5 Bxc5 8.Bb5+
Nc6 9.O-O O-O 10.b3 Bg4 11.h3 Bh5 12.Be2 Re8 13.Bb2 Qd7 14.Rc1 Bb6 15.Na4 
Ne4 16.Nxb6 axb6 17.a3 Re6 18.Nd4 Bxe2 19.Nxe2 Ne7 20.Nf4 Rd6 21.Qe2 Re8 
22.Rfd1 Nf5 23.b4 d4 24.g4 dxe3 25.f3 Nfg3 26.Qe1 Nf2 27.Rxd6 Qxd6 28.Qxe3
Nxh3+ 29.Nxh3 Rxe3 30.Rc8+ Qf8 31.Rxf8+ Kxf8 32.Kf2 Re2+ 33.Kxg3 Rxb2 34.
Nf4 Rd2 35.Nh5 Rd3 36.a4 Rd4 37.Nf4 Rxb4 38.Nd5 Rxa4 39.Nxb6 Rb4 40.Nd5 
Rd4 41.Nb6 Ke7 42.Kf2 Kd6 43.Ke3 Kc5 44.Nc8 Rd7 0-1

[Event "Rewal 2011 - Open B"]
[Site "Rewal"]
[Date "2011.08.19"]
[Round "1.5"]
[White "Sroka, Janusz"]
[Black "Mirski, Michal"]
[Result "0-1"]
[WhiteElo "2088"]
[BlackElo "1776"]
[EventDate "2011.??.??"]
[PlyCount "64"]

1.d3 c5 2.Nf3 Nc6 3.e4 g6 4.Nc3 Bg7 5.g3 Nf6 6.Bg2 d5 7.O-O O-O 8.h3 dxe4 
9.dxe4 e5 10.Bg5 h6 11.Bxf6 Bxf6 12.Nd5 Bg7 13.c3 Be6 14.Qa4 Ne7 15.Rfd1 
Nxd5 16.exd5 Bd7 17.Qc4 Rc8 18.a4 Kh8 19.Re1 Re8 20.Nd2 f5 21.Qb3 b6 22.
Nc4 Qf6 23.Nd2 Rcd8 24.Re2 h5 25.Rae1 Bc8 26.Nc4 e4 27.f3 Qg5 28.Kh2 f4 
29.gxf4 Qxf4+ 30.Kg1 Qg3 31.fxe4 Bxh3 32.Qc2 Bxg2 0-1

[Event "Rewal 2011 - Open B"]
[Site "Rewal"]
[Date "2011.08.19"]
[Round "1.6"]
[White "Koziol, Kamil"]
[Black "Nikitin, Aleksander I"]
[Result "1/2-1/2"]
[WhiteElo "1773"]
[BlackElo "2081"]
[EventDate "2011.??.??"]
[PlyCount "81"]

1.d4 b5 2.e4 Bb7 3.Bd3 Nf6 4.Qe2 a6 5.Nf3 e6 6.O-O c5 7.c3 d5 8.e5 Nfd7 9.
Ng5 g6 10.Qg4 Qe7 11.Re1 Nc6 12.Nxh7 Rxh7 13.Bg5 Ndxe5 14.dxe5 Qd7 15.f4 
c4 16.Be2 d4 17.Bf3 Bc5 18.Kh1 Ne7 19.Bxb7 Qxb7 20.Nd2 O-O-O 21.Ne4 Qc6 
22.b4 cxb3 23.axb3 dxc3 24.Nxc5 Qxc5 25.Bxe7 Qxe7 26.Qf3 Qb7 27.Qxc3+ Kb8 
28.Re3 Rdh8 29.h3 Rc8 30.Qd2 Rhh8 31.Rd3 Rc7 32.Rd8+ Rxd8 33.Qxd8+ Ka7 34.
Qd3 Rd7 35.Qc3 Qc7 36.Qe3+ Qb6 37.Qc3 Qc7 38.Qe3+ Qb6 39.Qc3 Qd4 40.Qa5 
Qb6 41.Qc3 {Remis 3-krotna poz.} 1/2-1/2

[Event "Rewal 2011 - Open B"]
[Site "Rewal"]
[Date "2011.08.20"]
[Round "1.7"]
[White "Skomial, Mateusz"]
[Black "Lizak, Jakub"]
[Result "0-1"]
[WhiteElo "2068"]
[BlackElo "1772"]
[EventDate "2011.??.??"]
[PlyCount "76"]

1.e4 c5 2.Nf3 Nc6 3.d4 cxd4 4.Nxd4 Nf6 5.Nc3 e5 6.Ndb5 d6 7.a4 a6 8.Na3 
Be6 9.Bg5 Rc8 10.Be2 Be7 11.O-O O-O 12.Nc4 Nxe4 13.Nxe4 Bxg5 14.Ncxd6 Rc7 
15.Nxg5 Qxg5 16.Ne4 Qe7 17.c3 Rd8 18.Qe1 f5 19.Nd2 Qf7 20.b4 e4 21.f4 Ne7 
22.Rc1 Qf6 23.Nb1 Ba2 24.Na3 Bb3 25.a5 Nd5 26.c4 Qd4+ 27.Rf2 Nxf4 28.Kh1 
Nxe2 29.Rxe2 Rcd7 30.Qg3 Ba4 31.h3 Qd6 32.Qc3 Qf4 33.Rce1 Rd3 34.Qb2 Qg3 
35.Nc2 Rd2 36.Qc1 Rxc2 37.Rxc2 Bxc2 38.Rf1 Qd3 0-1

[Event "Rewal 2011 - Open B"]
[Site "Rewal"]
[Date "2011.08.19"]
[Round "1.8"]
[White "Szolc, Grzegorz"]
[Black "Stankiewicz, Pawel"]
[Result "0-1"]
[WhiteElo "1760"]
[BlackElo "2064"]
[EventDate "2011.??.??"]
[PlyCount "86"]

1.e4 c5 2.Nf3 d6 3.Bb5+ Bd7 4.Bxd7+ Qxd7 5.O-O Nc6 6.c3 Nf6 7.Re1 g6 8.d4 
cxd4 9.cxd4 Bg7 10.Nc3 O-O 11.Bg5 h6 12.Bxf6 Bxf6 13.e5 Bg7 14.Qe2 Qf5 15.
Rad1 dxe5 16.dxe5 Rad8 17.Nd5 e6 18.Nc3 Rxd1 19.Nxd1 Rd8 20.Nc3 Qd3 21.g3 
a6 22.Kg2 b5 23.a3 Kf8 24.Qxd3 Rxd3 25.Re2 Ke8 26.Ne1 Rd7 27.f4 Nd4 28.Rd2
Nb3 29.Rxd7 Kxd7 30.Ne4 Kc6 31.Kf3 Bf8 32.Ke3 Nc5 33.Nd3 Nb3 34.h3 a5 35.
g4 Be7 36.Nc3 Bd8 37.Ne4 Bb6+ 38.Ke2 Nd4+ 39.Kd2 Nf3+ 40.Kc2 Bc7 41.b4 a4 
42.Kc3 Bb6 43.Kc2 Bd4 0-1

[Event "Rewal 2011 - Open B"]
[Site "Rewal"]
[Date "2011.08.19"]
[Round "1.9"]
[White "Gonsior, Monika"]
[Black "Duda, Ryszard"]
[Result "1-0"]
[WhiteElo "2059"]
[BlackElo "1760"]
[EventDate "2011.??.??"]
[PlyCount "65"]

1.d4 Nf6 2.Bf4 e6 3.e3 d5 4.Bd3 Be7 5.Nd2 O-O 6.Qe2 c5 7.c3 Nc6 8.h3 a6 9.
Ngf3 b5 10.a3 Bb7 11.g4 cxd4 12.exd4 Bd6 13.Bxd6 Qxd6 14.Ne5 g6 15.h4 Nd7 
16.Nxd7 Qxd7 17.O-O-O Na5 18.f4 Nc4 19.Nb3 Qd6 20.Qh2 Bc6 21.h5 Qe7 22.
hxg6 fxg6 23.Bxg6 hxg6 24.Qh8+ Kf7 25.Rh7+ Ke8 26.Rxe7+ Kxe7 27.Qg7+ Kd6 
28.Qxg6 Rxf4 29.Nc5 Bd7 30.Re1 Re8 31.Qg7 Bc8 32.b3 Nb6 33.Qe5+ 1-0

[Event "Rewal 2011 - Open B"]
[Site "Rewal"]
[Date "2011.08.19"]
[Round "1.11"]
[White "Jagodzinski, Waldemar"]
[Black "Gabryjalowicz, Jakub"]
[Result "1/2-1/2"]
[WhiteElo "2029"]
[BlackElo "1749"]
[EventDate "2011.??.??"]
[PlyCount "74"]

1.d4 d5 2.Nf3 Nf6 3.c4 c6 4.cxd5 cxd5 5.Nc3 Nc6 6.Bf4 Bf5 7.e3 e6 8.Qb3 
Bb4 9.Bb5 O-O 10.O-O Bxc3 11.Qxc3 Rc8 12.Rfc1 Ne5 13.Qxc8 Nxf3+ 14.gxf3 
Qxc8 15.Rxc8 Rxc8 16.Ba4 h6 17.Bd6 Bd3 18.Bd1 Nd7 19.Bb4 Nb6 20.b3 Kh7 21.
Bd2 Kg6 22.f4 Nd7 23.f3 f5 24.Kf2 Nf6 25.Ke1 Kh5 26.Rc1 Rxc1 27.Bxc1 Kh4 
28.Kf2 Kh3 29.Kg1 b5 30.Bd2 g6 31.a4 a6 32.Bb4 Nd7 33.axb5 axb5 34.Be7 Nb8
35.Bf8 h5 36.Bb4 Nc6 37.Bd6 Nd8 1/2-1/2

[Event "Rewal 2011 - Open B"]
[Site "Rewal"]
[Date "2011.08.19"]
[Round "1.12"]
[White "Biszof, Henryk"]
[Black "Jaskolka, Tomasz"]
[Result "0-1"]
[WhiteElo "1747"]
[BlackElo "2003"]
[EventDate "2011.??.??"]
[PlyCount "72"]

1.e4 c5 2.Nf3 Nc6 3.d4 cxd4 4.Nxd4 g6 5.Be3 Nf6 6.Bd3 Bg7 7.c3 O-O 8.O-O 
d5 9.exd5 Qxd5 10.Nd2 Ng4 11.Bc4 Qd6 12.N2f3 Nxe3 13.fxe3 Ne5 14.Nxe5 Bxe5
15.Nf3 Qc5 16.Qb3 Qxe3+ 17.Kh1 Bf6 18.Rae1 Qc5 19.Nd2 Qh5 20.Ne4 Be5 21.g3
Bf5 22.Kg1 Rad8 23.Be2 Qh6 24.Bc4 Bc7 25.Qxb7 Bb6+ 26.Kh1 Rd7 27.Qc6 Rfd8 
28.Rxf5 Rc7 29.Bxf7+ Kg7 30.Qe6 gxf5 31.Qe5+ Kxf7 32.Qxf5+ Kg8 33.h4 Qg6 
34.Qe5 h6 35.h5 Qg4 36.Qxe7 Qh3# 0-1

[Event "Rewal 2011 - Open B"]
[Site "Rewal"]
[Date "2011.08.19"]
[Round "1.14"]
[White "Karpacz, Piotr"]
[Black "Borowicz, Przemyslaw"]
[Result "1/2-1/2"]
[WhiteElo "1739"]
[BlackElo "1989"]
[EventDate "2011.??.??"]
[PlyCount "78"]

1.d4 d5 2.c4 c6 3.Nc3 Nf6 4.cxd5 cxd5 5.Bg5 e6 6.e3 Nbd7 7.Nf3 Bd6 8.Bd3 
O-O 9.O-O h6 10.Bh4 a6 11.Rc1 b5 12.a3 Bb7 13.Nd2 Qb6 14.Bg3 Bxg3 15.hxg3 
Rac8 16.b4 Rc6 17.Nb3 Qc7 18.Nc5 Nb6 19.a4 Nxa4 20.N3xa4 bxa4 21.Qxa4 Rc8 
22.Ra1 Rd8 23.Bxa6 Bxa6 24.Nxa6 Qb6 25.Nc5 Rb8 26.Rfb1 Qb5 27.Qc2 Rcb6 28.
Rc1 Rc8 29.Rab1 Ne4 30.Qd3 Qxd3 31.Nxd3 Rc4 32.Kh2 Kf8 33.Ne5 Rxc1 34.Rxc1
Rxb4 35.Rc8+ Ke7 36.Rc7+ Ke8 37.Rc8+ Ke7 38.Rc7+ Ke8 39.Rc8+ Ke7 1/2-1/2

[Event "Rewal 2011 - Open B"]
[Site "Rewal"]
[Date "2011.08.19"]
[Round "1.15"]
[White "Botor, Michal"]
[Black "Beczala, Pawel"]
[Result "0-1"]
[WhiteElo "1987"]
[BlackElo "1730"]
[EventDate "2011.??.??"]
[PlyCount "87"]

1.e4 e6 2.d3 d5 3.Qe2 dxe4 4.dxe4 Nf6 5.c3 b6 6.Bg5 Be7 7.Qc2 Bb7 8.Nd2 
Nbd7 9.O-O-O c6 10.Ngf3 Qc7 11.Nc4 O-O-O 12.e5 b5 13.exf6 gxf6 14.Be3 bxc4
15.Bxc4 Bc5 16.Nd4 Nb6 17.Bd3 Nd5 18.Kb1 Bb6 19.g3 h5 20.Rhe1 h4 21.Qa4 
hxg3 22.hxg3 Nxe3 23.fxe3 Rhg8 24.Rf1 f5 25.e4 Rxg3 26.Ba6 Bxa6 27.Qxa6+ 
Qb7 28.Qa4 Bxd4 29.cxd4 fxe4 30.Rc1 Rd6 31.Rc4 Rg5 32.Qa3 Rgd5 33.Ra4 Rd7 
34.Qf8+ Rd8 35.Qa3 Kb8 36.Rc1 f5 37.Rac4 Rc8 38.Qg3+ Qc7 39.Qg6 Qd7 40.Qf6
Rb5 41.b3 Kb7 42.Rg1 Rc7 43.Rg8 Rc8 44.Rg7 0-1

[Event "Rewal 2011 - Open B"]
[Site "Rewal"]
[Date "2011.08.19"]
[Round "1.16"]
[White "Karwowski, Kacper"]
[Black "Jacel, Lukasz"]
[Result "1-0"]
[WhiteElo "1729"]
[BlackElo "1979"]
[EventDate "2011.??.??"]
[PlyCount "113"]

1.e4 Nc6 2.d4 d5 3.e5 Bf5 4.c3 e6 5.Bd3 Qd7 6.Bxf5 exf5 7.Ne2 O-O-O 8.Be3 
f6 9.f4 g5 10.fxg5 fxe5 11.dxe5 Bg7 12.O-O Bxe5 13.Nd4 Nge7 14.Bf4 Bxf4 
15.Rxf4 Ng6 16.Rf2 Rhf8 17.Qa4 Nxd4 18.Qxd4 b6 19.Nd2 c5 20.Qd3 Ne5 21.
Qa6+ Kb8 22.Nf3 Nxf3+ 23.Rxf3 Qe7 24.h4 d4 25.Qf1 dxc3 26.bxc3 Qe4 27.Qe1 
Qd5 28.Qf2 Rde8 29.Rf1 Re5 30.g4 Re4 31.gxf5 Rg4+ 32.Kh2 Ra4 33.Qg3+ Kb7 
34.R1f2 Rxa2 35.Rxa2 Qxa2+ 36.Qg2 Qf7 37.f6 a5 38.Re3+ Ka6 39.Re7 Qb3 40.
Qe2+ c4 41.Rc7 Kb5 42.Qd2 Ka6 43.Rxh7 Qb1 44.Re7 Rh8 45.Qf2 Qd3 46.Qg3 
Qc2+ 47.Kg1 Rd8 48.Re1 Rd3 49.Qf4 Qxc3 50.Rc1 Rg3+ 51.Kh2 Rh3+ 52.Kg2 Rxh4
53.Rxc3 Rxf4 54.Kg3 Rd4 55.f7 Rd3+ 56.Rxd3 cxd3 57.f8=Q 1-0

[Event "Rewal 2011 - Open B"]
[Site "Rewal"]
[Date "2011.08.19"]
[Round "1.17"]
[White "Hasinski, Krystian"]
[Black "Sowa, Martyna"]
[Result "0-1"]
[WhiteElo "1971"]
[BlackElo "1720"]
[EventDate "2011.??.??"]
[PlyCount "62"]

1.d4 Nf6 2.c4 g6 3.Nc3 d5 4.e3 Bg7 5.Nf3 O-O 6.Bd3 c5 7.O-O cxd4 8.exd4 
dxc4 9.Bxc4 Bg4 10.h3 Bf5 11.Qb3 Nc6 12.Qxb7 Na5 13.Qa6 Bc8 14.Qb5 a6 15.
Qb4 Bb7 16.Be2 Rb8 17.Bf4 Bxf3 18.Qxb8 Qxb8 19.Bxb8 Bxe2 20.Rfe1 Rxb8 21.
Rxe2 Rb7 22.Rae1 e6 23.Rd1 Rb8 24.Rc2 Nc6 25.Ne2 Nb4 26.Rc4 a5 27.a3 Nbd5 
28.Rc5 Rxb2 29.Ng3 a4 30.Ra5 Nc3 31.Ra8+ Bf8 0-1

[Event "Rewal 2011 - Open B"]
[Site "Rewal"]
[Date "2011.08.19"]
[Round "1.18"]
[White "Kowalski, Maciej"]
[Black "Poswiatowski, Michal"]
[Result "1/2-1/2"]
[WhiteElo "1720"]
[BlackElo "1971"]
[EventDate "2011.??.??"]
[PlyCount "74"]

1.d4 Nf6 2.c4 c5 3.d5 b5 4.cxb5 a6 5.bxa6 Bxa6 6.Nc3 g6 7.g3 d6 8.Bg2 Bg7 
9.Nf3 O-O 10.O-O Nbd7 11.Re1 Qa5 12.Rb1 Rfb8 13.Bd2 Ne8 14.Qc2 c4 15.b3 
cxb3 16.axb3 Rc8 17.b4 Qc7 18.Rbc1 Qb7 19.Qb1 Rc4 20.b5 Bxc3 21.Bxc3 Qxb5 
22.Qxb5 Bxb5 23.Nd4 Nc7 24.e4 Ne5 25.Nxb5 Nxb5 26.Bxe5 Rxc1 27.Rxc1 dxe5 
28.Bf1 Nd6 29.Bg2 Ra4 30.Re1 g5 31.f3 Nb5 32.Rb1 Nd4 33.Rb7 Ra1+ 34.Kf2 
Ra2+ 35.Kg1 Ra1+ 36.Kf2 Ra2+ 37.Kg1 Ra1+ 1/2-1/2

[Event "Rewal 2011 - Open B"]
[Site "Rewal"]
[Date "2011.08.19"]
[Round "1.19"]
[White "Cieslar, Michal"]
[Black "Poswiatowski, Stanislaw"]
[Result "1-0"]
[WhiteElo "1966"]
[BlackElo "1718"]
[EventDate "2011.??.??"]
[PlyCount "106"]

1.e4 e6 2.d3 d5 3.Nd2 dxe4 4.dxe4 Nd7 5.Ngf3 Be7 6.c3 Ngf6 7.Qc2 b6 8.Bb5 
Bb7 9.O-O O-O 10.Re1 e5 11.Bxd7 Nxd7 12.Nc4 f6 13.b4 Qe8 14.Bb2 Rd8 15.
Rad1 Bc6 16.a4 Qf7 17.Ne3 g6 18.b5 Bb7 19.Nd5 Bd6 20.Re3 Nc5 21.g4 h6 22.
Nh4 Ne6 23.Bc1 c6 24.bxc6 Bxc6 25.Rf3 Bxd5 26.exd5 Ng5 27.Bxg5 hxg5 28.
Qxg6+ Qxg6 29.Nxg6 Rf7 30.h4 gxh4 31.Nxh4 Rg7 32.Rg3 e4 33.Rg2 Rg5 34.Nf5 
Bc5 35.Kf1 Kf7 36.Rh2 Rf8 37.Rh7+ Kg8 38.Rxa7 Rd8 39.Nh6+ Kf8 40.c4 Rg7 
41.Rxg7 Kxg7 42.Nf5+ Kg6 43.Re1 Re8 44.Kg2 Kg5 45.Kg3 Bb4 46.Rh1 Rc8 47.
Rh7 Bf8 48.d6 Rxc4 49.Rh8 Rc3+ 50.Kg2 Bxd6 51.Nxd6 Kxg4 52.Nxe4 Rd3 53.
Nxf6+ Kf5 1-0

[Event "Rewal 2011 - Open B"]
[Site "Rewal"]
[Date "2011.08.19"]
[Round "1.20"]
[White "Bzowski, Grzegorz"]
[Black "Blasiak, Miroslaw"]
[Result "0-1"]
[WhiteElo "1717"]
[BlackElo "1961"]
[EventDate "2011.??.??"]
[PlyCount "66"]

1.g3 d5 2.Bg2 Nf6 3.d3 c5 4.Nf3 Bf5 5.O-O e6 6.Bf4 Be7 7.Nbd2 h6 8.Re1 O-O
9.e4 Bh7 10.Ne5 g5 11.Be3 d4 12.Bxg5 hxg5 13.Nec4 Nc6 14.e5 Nd5 15.a4 Rc8 
16.Qg4 Ncb4 17.Rac1 Bf5 18.Qh5 Kg7 19.Qe2 Qd7 20.b3 Na2 21.Ra1 Nac3 22.Qf1
g4 23.Ne4 Bxe4 24.Bxe4 f5 25.exf6+ Nxf6 26.Ne5 Qc7 27.Bg2 Rce8 28.Nc4 Bd8 
29.Re5 Nd7 30.Ree1 Bf6 31.h3 Ne5 32.Nxe5 Bxe5 33.hxg4 Bxg3 0-1

[Event "Rewal 2011 - Open B"]
[Site "Rewal"]
[Date "2011.08.19"]
[Round "1.21"]
[White "Musialkiewicz, Pawel"]
[Black "Gotin, Evgeniy"]
[Result "1-0"]
[WhiteElo "1961"]
[BlackElo "1715"]
[EventDate "2011.??.??"]
[PlyCount "63"]

1.d4 Nf6 2.c4 e5 3.dxe5 Ng4 4.Bf4 Nc6 5.Nf3 Bb4+ 6.Nbd2 Qe7 7.e3 Ngxe5 8.
Nxe5 Nxe5 9.Be2 d6 10.O-O O-O 11.Nb3 Ng6 12.Bg3 Be6 13.a3 Bc5 14.Nxc5 dxc5
15.Qb3 b5 16.Qc2 b4 17.axb4 cxb4 18.Bf3 Rac8 19.Rxa7 Qc5 20.Raa1 Qxc4 21.
Qxc4 Bxc4 22.Rfc1 Bb5 23.Bxc7 f6 24.Bb7 Rce8 25.Bd5+ Kh8 26.Bd6 Ne7 27.Bb3
h6 28.Rc5 Bd7 29.h3 f5 30.Ra7 Nc8 31.Rxd7 Rf6 32.Be5 1-0

[Event "Rewal 2011 - Open B"]
[Site "Rewal"]
[Date "2011.08.19"]
[Round "1.22"]
[White "Skiba, Marta"]
[Black "Aleksandrowicz, Marek"]
[Result "0-1"]
[WhiteElo "1715"]
[BlackElo "1959"]
[EventDate "2011.??.??"]
[PlyCount "54"]

1.e4 c6 2.Ne2 d5 3.e5 c5 4.d3 Nc6 5.f4 Bg4 6.h3 Bd7 7.Nbc3 e6 8.g3 Nge7 9.
Bg2 Nf5 10.O-O Be7 11.Kh2 O-O 12.Ng1 f6 13.Nf3 fxe5 14.fxe5 Nfd4 15.Re1 
Rf5 16.Nxd4 cxd4 17.Ne2 Rxe5 18.Nf4 Bd6 19.Bd2 Qe7 20.c3 Rf8 21.Qc2 g5 22.
Ne2 dxc3 23.bxc3 Ref5 24.Be3 Ne5 25.Nd4 R5f7 26.Re2 Ng6 27.Rae1 Bxg3+ 0-1

[Event "Rewal 2011 - Open B"]
[Site "Rewal"]
[Date "2011.08.19"]
[Round "1.23"]
[White "Przytula, Grzegorz"]
[Black "Wisniewski, Michal"]
[Result "0-1"]
[WhiteElo "1955"]
[BlackElo "1713"]
[EventDate "2011.??.??"]
[PlyCount "86"]

1.a3 d5 2.d4 e6 3.Bf4 c5 4.e3 Nc6 5.Nf3 Nf6 6.Be2 Be7 7.O-O O-O 8.dxc5 
Bxc5 9.c4 a6 10.b4 Be7 11.Nc3 dxc4 12.Bxc4 b5 13.Be2 Bb7 14.h3 Qb6 15.Qb3 
Rfd8 16.Rfd1 Rac8 17.Rac1 h6 18.Bh2 Rxd1+ 19.Rxd1 Rd8 20.Rxd8+ Qxd8 21.Qd1
Kf8 22.Kf1 Ke8 23.Qxd8+ Kxd8 24.Nd2 Kd7 25.Bf3 Nd8 26.e4 Nh7 27.e5 Bxf3 
28.Nxf3 Ng5 29.Nxg5 Bxg5 30.f4 Be7 31.Ne4 Kc6 32.Ke2 Nb7 33.Kd3 a5 34.bxa5
Nxa5 35.g4 Bxa3 36.f5 Nb7 37.Bg1 Nc5+ 38.Bxc5 Bxc5 39.h4 exf5 40.gxf5 Kd5 
41.Nxc5 Kxc5 42.h5 Kd5 43.f6 gxf6 0-1

[Event "Rewal 2011 - Open B"]
[Site "Rewal"]
[Date "2011.08.19"]
[Round "1.24"]
[White "Smal, Tobiasz"]
[Black "Kosny, Marek"]
[Result "0-1"]
[WhiteElo "1711"]
[BlackElo "1945"]
[EventDate "2011.??.??"]
[PlyCount "144"]

1.e4 Nf6 2.e5 Nd5 3.d4 d6 4.c4 Nb6 5.exd6 cxd6 6.b3 g6 7.Bb2 Bg7 8.g3 O-O 
9.Bg2 Nc6 10.Ne2 Bg4 11.f3 Bd7 12.Na3 d5 13.c5 Nc8 14.f4 Bg4 15.Nc2 Qa5+ 
16.Qd2 Qxd2+ 17.Kxd2 e6 18.Rhe1 N8e7 19.Rad1 Nf5 20.Kc1 b6 21.cxb6 axb6 
22.Kb1 Rfc8 23.Rd3 Nd6 24.Ne3 Bxe2 25.Rxe2 Rxa2 26.Kxa2 Nb4+ 27.Kb1 Nxd3 
28.Rd2 Nxb2 29.Kxb2 Nb5 30.Nc2 Rc7 31.Bf1 Nd6 32.Bg2 h5 33.Ne3 Nb7 34.Nc2 
Bf6 35.h4 Kg7 36.Rd3 Nd6 37.Ne3 Nb7 38.Rd2 Rc5 39.Bf1 Ra5 40.Be2 Nd6 41.
Bf3 Be7 42.Bg2 Nb5 43.Nc2 Nc7 44.Re2 Na6 45.Re1 Nb4 46.Nxb4 Bxb4 47.Re2 
Ra7 48.Re3 Rc7 49.Bh3 Bd2 50.Rd3 Bc1+ 51.Kb1 Ba3 52.Ka2 Bb4 53.Kb2 Kf6 54.
Re3 Bd2 55.Rd3 Be1 56.Rf3 b5 57.Re3 Bd2 58.Rd3 Bc1+ 59.Kb1 b4 60.Rf3 Bd2 
61.Rd3 Be1 62.Re3 Bc3 63.Rd3 Ra7 64.Rxc3 bxc3 65.Kc2 Rc7 66.b4 Ke7 67.Bf1 
Kd6 68.b5 Ra7 69.Kxc3 Ra3+ 70.Kb4 Rxg3 71.Ka5 Kc7 72.b6+ Kb8 0-1

[Event "Rewal 2011 - Open B"]
[Site "Rewal"]
[Date "2011.08.19"]
[Round "1.25"]
[White "Karcz, Bartlomiej"]
[Black "Kiolbasa, Oliwia"]
[Result "1-0"]
[WhiteElo "1943"]
[BlackElo "1701"]
[EventDate "2011.??.??"]
[PlyCount "85"]

1.e4 c5 2.Nf3 e6 3.d4 cxd4 4.Nxd4 Nc6 5.Nc3 Qc7 6.Ndb5 Qb8 7.f4 a6 8.Nd4 
Bc5 9.Be3 Nxd4 10.Bxd4 Bxd4 11.Qxd4 Qxf4 12.Be2 Nf6 13.g3 Qc7 14.e5 Qc6 
15.O-O-O Nd5 16.Nxd5 Qxd5 17.Qxd5 exd5 18.Bf3 b5 19.Bxd5 Rb8 20.Rhf1 O-O 
21.Rd2 Bb7 22.Bb3 Bc6 23.Rdf2 d5 24.exd6 Rb7 25.Be6 Bg2 26.Rd1 fxe6 27.
Rxf8+ Kxf8 28.d7 Rxd7 29.Rxd7 a5 30.a4 bxa4 31.Ra7 e5 32.Rxa5 e4 33.Rxa4 
e3 34.Ra3 e2 35.Kd2 Bf1 36.Re3 Kf7 37.Rxe2 Bxe2 38.Kxe2 Ke6 39.Kf3 Kd5 40.
Kf4 Kd4 41.h4 Kc4 42.h5 Kd4 43.g4 1-0

[Event "Rewal 2011 - Open B"]
[Site "Rewal"]
[Date "2011.08.19"]
[Round "1.26"]
[White "Klimek, Piotr"]
[Black "Zielinski, Olgierd"]
[Result "1-0"]
[WhiteElo "1699"]
[BlackElo "1943"]
[EventDate "2011.??.??"]
[PlyCount "38"]

1.e4 c5 2.c4 Nc6 3.Nf3 e6 4.g3 d5 5.cxd5 exd5 6.e5 Bg4 7.Bb5 d4 8.h3 Bf5 
9.d3 Qa5+ 10.Ke2 Qxb5 11.Nh4 Be6 12.f4 c4 13.dxc4 Bxc4+ 14.Kf2 Bc5 15.Nf3 
Bd5 16.Kg2 Nge7 17.Re1 O-O 18.Kh2 Nb4 19.b3 Bxf3 1-0

[Event "Rewal 2011 - Open B"]
[Site "Rewal"]
[Date "2011.08.19"]
[Round "1.27"]
[White "Barburzynska, Magdalena"]
[Black "Tomczak, Mikolaj"]
[Result "1/2-1/2"]
[WhiteElo "1936"]
[BlackElo "1693"]
[EventDate "2011.??.??"]
[PlyCount "66"]

1.e4 c5 2.Nf3 Nc6 3.d4 cxd4 4.Nxd4 Nf6 5.Nc3 d6 6.Bg5 e6 7.Qd2 a6 8.O-O-O 
Bd7 9.f4 h6 10.Bh4 Nxe4 11.Nxe4 Qxh4 12.Nf3 Qe7 13.Qxd6 Qxd6 14.Nxd6+ Bxd6
15.Rxd6 Ke7 16.Rd2 Nb4 17.Ne5 Bc6 18.Nxc6+ bxc6 19.a3 Nd5 20.g3 g5 21.fxg5
hxg5 22.Bg2 Rad8 23.Bf3 f5 24.h4 gxh4 25.gxh4 e5 26.Bxd5 cxd5 27.Rg2 Rdg8 
28.Rxg8 Rxg8 29.h5 f4 30.h6 Ke6 31.h7 Rh8 32.Kd2 e4 33.b4 d4 1/2-1/2

[Event "Rewal 2011 - Open B"]
[Site "Rewal"]
[Date "2011.08.19"]
[Round "1.28"]
[White "Panczuk, Joanna"]
[Black "Swiech, Piotr"]
[Result "1/2-1/2"]
[WhiteElo "1678"]
[BlackElo "1929"]
[EventDate "2011.??.??"]
[PlyCount "85"]

1.e4 e6 2.d4 d5 3.Nd2 Nf6 4.e5 Nfd7 5.Bd3 b6 6.Ne2 Ba6 7.Nf3 Bxd3 8.Qxd3 
c5 9.c3 Nc6 10.O-O cxd4 11.cxd4 Rc8 12.Bg5 Be7 13.Bxe7 Qxe7 14.Nc3 O-O 15.
Nb5 f6 16.Nd6 Rc7 17.Nb5 Rcc8 18.Nd6 Rb8 19.Rac1 fxe5 20.Rxc6 e4 21.Nxe4 
dxe4 22.Qxe4 Rf6 23.Ng5 Nf8 24.d5 e5 25.Nf3 Ng6 26.Rxf6 gxf6 27.Rc1 Rd8 
28.h3 Qd6 29.Rd1 Ne7 30.Nh4 Kg7 31.Nf5+ Nxf5 32.Qxf5 Rd7 33.Rd3 Rc7 34.
Qg4+ Kf7 35.Qe4 Kg7 36.Ra3 a5 37.Qg4+ Kf7 38.Qe4 Kg7 39.h4 Rc5 40.Rd3 b5 
41.Qg4+ Kf7 42.Qh5+ Kg7 43.Qg4+ 1/2-1/2

[Event "Rewal 2011 - Open B"]
[Site "Rewal"]
[Date "2011.08.19"]
[Round "1.29"]
[White "Jedras, Piotr"]
[Black "Graczyk, Natalia"]
[Result "1-0"]
[WhiteElo "1919"]
[BlackElo "1672"]
[EventDate "2011.??.??"]
[PlyCount "77"]

1.e4 c6 2.d4 d5 3.Nc3 dxe4 4.Nxe4 Bf5 5.Ng3 Bg6 6.h4 h6 7.h5 Bh7 8.Nf3 Nd7
9.Bd3 Bxd3 10.Qxd3 e6 11.Bd2 Ngf6 12.O-O-O Qc7 13.Ne4 Nxe4 14.Qxe4 Nf6 15.
Qe2 O-O-O 16.g3 Bd6 17.c4 c5 18.Bc3 Rhe8 19.Kb1 Kb8 20.dxc5 Qxc5 21.Ne5 
Bxe5 22.Qxe5+ Qxe5 23.Bxe5+ Kc8 24.Bxf6 gxf6 25.g4 e5 26.Kc2 Kc7 27.Rxd8 
Rxd8 28.Rd1 Rxd1 29.Kxd1 Kd6 30.Kd2 Ke6 31.b4 b6 32.Kd3 Kd6 33.Ke4 Ke6 34.
a4 f5+ 35.gxf5+ Kd6 36.c5+ bxc5 37.bxc5+ Kxc5 38.Kxe5 a5 39.Kf6 1-0

[Event "Rewal 2011 - Open B"]
[Site "Rewal"]
[Date "2011.08.19"]
[Round "1.30"]
[White "Mazur, Anna"]
[Black "Czernicki, Bogdan"]
[Result "0-1"]
[WhiteElo "1666"]
[BlackElo "1916"]
[EventDate "2011.??.??"]
[PlyCount "78"]

1.e4 e6 2.d4 d5 3.exd5 exd5 4.Bd3 Bd6 5.c3 Ne7 6.Bg5 f6 7.Bh4 O-O 8.Nf3 c6
9.Qc2 g6 10.Nbd2 Bf5 11.O-O-O Bxd3 12.Qxd3 b5 13.Bg3 Na6 14.Bxd6 Qxd6 15.
g4 Rae8 16.h4 Qf4 17.g5 Nf5 18.h5 fxg5 19.hxg6 h6 20.Ne5 Re6 21.Rdg1 Kg7 
22.Rg4 Qxf2 23.Rf1 Qe3 24.Qxe3 Nxe3 25.Rxf8 Kxf8 26.Rg3 Nc4 27.Ndxc4 bxc4 
28.Rf3+ Kg8 29.Rf7 c5 30.Rxa7 cxd4 31.cxd4 Nb4 32.Kd2 Nc6 33.Nxc6 Rxc6 34.
Rd7 Rb6 35.Kc3 g4 36.Re7 g3 37.Re2 Rxg6 38.Rg2 h5 39.Kd2 h4 0-1

[Event "Rewal 2011 - Open B"]
[Site "Rewal"]
[Date "2011.08.19"]
[Round "1.31"]
[White "Miechowicz, Witold"]
[Black "Wacior, Maciej"]
[Result "1/2-1/2"]
[WhiteElo "1916"]
[BlackElo "1664"]
[EventDate "2011.??.??"]
[PlyCount "64"]

1.e4 c6 2.d4 d5 3.f3 e6 4.Be3 Nd7 5.Nd2 a6 6.Bd3 Qb6 7.exd5 cxd5 8.Nb3 
Ngf6 9.Qd2 Bd6 10.Ne2 Qc7 11.f4 b5 12.c3 Bb7 13.O-O Nb6 14.Qc2 Nc4 15.Bc1 
g6 16.Ng3 Qc6 17.Bxc4 dxc4 18.Na5 Qb6 19.Nxb7 Qxb7 20.Qe2 O-O 21.Bd2 Qc7 
22.Rf3 Rfe8 23.Ne4 Nxe4 24.Qxe4 Rac8 25.Raf1 Qa5 26.a3 Qc7 27.Qe1 Qe7 28.
Qg3 Qf6 29.Qg4 Qf5 30.Qh4 Be7 31.Qe1 Bf6 32.Bc1 Ra8 1/2-1/2